| 000 | 01340nam a2200325Ia 4500 | ||
|---|---|---|---|
| 003 | GCL | ||
| 008 | 140319s9999 xx 000 0 ara d | ||
| 020 | _a7223105977 | ||
| 040 |
_aGCL / _cGCL |
||
| 082 | 0 | 4 |
_a953.072 _bش ت |
| 100 | 1 | _aشوقى عطاالله الجمل | |
| 245 | 1 | 0 |
_aتاريخ المسلمين فى افريقيا ومشكلاتهم / _cشوقى عطاالله الجمل |
| 700 | 1 | _aعبدالله عبدالرازق ابراهيم | |
| 260 |
_aالقاهرة : _bمكتبة الانجلوالمصرية ، _c2006 |
||
| 300 |
_a188 ص ؛ _c24 سم |
||
| 650 | 0 | 4 | _aافريقيا - تاريخ |
| 650 | 0 | 4 | _aالمسلمون فى افريقيا |
| 650 | 0 | 4 | _aافريقيا الشمالية - الاحوال الاجتماعية |
| 650 | 0 | 4 | _aانتشار الاسلام - مصر |
| 650 | 0 | 4 | _aانتشار الاسلام - المغرب |
| 650 | 0 | 4 | _aانتشار الاسلام - السودان |
| 650 | 0 | 4 | _aانتشار الاسلام - افريقيا |
| 650 | 0 | 4 | _aالمسلمون فى الحبشة |
| 650 | 0 | 4 | _aالمسلمون فى الصومال |
| 650 | 0 | 4 | _aالمسلمون فى اوغندا |
| 650 | 0 | 4 | _aالمسلمون فى كينيا |
| 650 | 0 | 4 | _aالمسلمون فى جمهورية جنوب افريقيا |
| 650 | 0 | 4 | _aالمسلمون فى رواندا |
| 942 |
_2ddc _cBK |
||
| 999 |
_c9812 _d9812 |
||